00941nam a22002897a 4500003000800000005001700008008004100025020001700066040001700083041000800100082001700108100001900125245006800144250001400212260006000226300002100286505003000307505002500337505004900362505003100411505005800442505003700500650002800537650002200565650003000587700003400617IBSLLIB20260512101044.0260512b |||||||| |||| 00| 0 eng d a978259098031 aIBSLLIBbeng hEng a658.049bHIL aHill , Charles aInternational Business : bCompeting in the Global Marketplace  a10th ed.  aDelhi : bMcGraw Hill Education private Limited ,c2014 a805 p ; c25 cm  aIntroduction and overview aCountry differences  aThe Global trade and investment environment  aThe Global monetary system aThe Strategy and structure of international business  aInternational business functions ainternational business  apolitical economy ahuman resource management aJain , Kumar AruneCoo Author